[Event "Euro Online U2300 Day 1"]
[Site "chess.com INT"]
[Date "2020.05.25"]
[Round "4"]
[White "Petriashvili, Nikoloz"]
[Black "Caner, Resul"]
[Result "1-0"]
[WhiteTitle "IM"]
[WhiteElo "2423"]
[BlackElo "1916"]
[WhiteFideId "13611216"]
[BlackFideId "6368492"]
[EventDate "2020.05.25"]

1. d4 d5 2. c4 c6 3. Nf3 e6 4. Qc2 Nf6 5. g3 dxc4 6. Qxc4 b5 7. Qc2 Bb7 8. Bg2
Nbd7 9. a4 a6 10. O-O c5 11. Rd1 cxd4 12. Nxd4 Bxg2 13. Kxg2 Rc8 14. Qd2 Qb6 15.
axb5 axb5 16. Qa5 Qb7+ 17. f3 b4 18. Bg5 Be7 19. Qb5 Rb8 20. Qxb7 Rxb7 21. Nc6
Nb8 22. Ra8 O-O 23. Nxe7+ Rxe7 24. Rd4 Nc6 25. Rxf8+ Kxf8 26. Rc4 Rc7 27. Bf4
Rc8 28. Bd6+ Ke8 29. Bxb4 Nd5 30. Bd2 Kd7 31. e4 Nb6 32. Rc2 Nd4 33. Rxc8 Kxc8
34. Bc3 e5 35. Nd2 Kd7 36. Kf2 Kc6 37. Ke3 Nc2+ 38. Kd3 Ne1+ 39. Ke2 Nc2 40.
Bxe5 1-0

[Event "Euro Online U2300 Day 1"]
[Site "chess.com INT"]
[Date "2020.05.25"]
[Round "4"]
[White "Shishigin, Dmitry"]
[Black "Koskela, Niina"]
[Result "0-1"]
[BlackTitle "WGM"]
[WhiteElo "2219"]
[BlackElo "2197"]
[WhiteFideId "24104353"]
[BlackFideId "500755"]
[EventDate "2020.05.25"]

1. d4 Nf6 2. c4 e6 3. Nf3 b6 4. a3 Ba6 5. Qb3 Bb7 6. Nc3 d5 7. Bf4 c6 8. cxd5
exd5 9. e3 Be7 10. Bd3 O-O 11. h3 Nbd7 12. O-O Re8 13. Rac1 Bf8 14. Qc2 h6 15.
Bh2 Qe7 16. Ne5 Nxe5 17. dxe5 Nd7 18. f4 Qd8 19. Kh1 c5 20. Qf2 d4 21. exd4 cxd4
22. Nb5 Nc5 23. Bc4 d3 24. b4 Ne4 25. Qe3 d2 26. Rcd1 a6 27. Nc3 Nxc3 28. Qxc3
Qc8 29. Rxd2 b5 30. Bxf7+ Kxf7 31. Qb3+ Qe6 32. Qg3 Qf5 33. Qb3+ Qe6 34. Qg3 Qf5
35. Qb3+ Kg6 36. Rd6+ Bxd6 0-1

[Event "Euro Online U2300 Day 1"]
[Site "chess.com INT"]
[Date "2020.05.25"]
[Round "4"]
[White "Sherman, Reem"]
[Black "Sokolovsky, Yahli"]
[Result "1-0"]
[WhiteElo "2146"]
[BlackElo "2123"]
[WhiteFideId "2822288"]
[BlackFideId "2820242"]
[EventDate "2020.05.25"]

1. e4 e5 2. Bc4 Nf6 3. d3 Nc6 4. Nc3 Na5 5. Qf3 Nxc4 6. dxc4 d6 7. h3 Be6 8. b3
Be7 9. Nge2 c6 10. Bb2 Qa5 11. O-O O-O 12. Ng3 d5 13. cxd5 cxd5 14. exd5 Nxd5
15. Nf5 Bf6 16. Ne4 Kh8 17. Nxf6 Nxf6 18. Nxg7 Kxg7 19. Qg3+ Ng4 20. hxg4 f6 21.
g5 Qd5 22. gxf6+ Kxf6 23. Rad1 Qc5 24. Rfe1 Rg8 25. Qf4+ Ke7 26. Rxe5 Qc6 27.
Ba3+ Ke8 28. Rg5 Rxg5 29. Qf8# 1-0

[Event "Euro Online U2300 Day 1"]
[Site "chess.com INT"]
[Date "2020.05.25"]
[Round "4"]
[White "Laptii, Nazar"]
[Black "Pogorelov, Igor"]
[Result "1-0"]
[WhiteElo "2180"]
[BlackElo "2129"]
[WhiteFideId "14174332"]
[BlackFideId "14113279"]
[EventDate "2020.05.25"]

1. e4 e5 2. Nc3 Nf6 3. g3 d5 4. exd5 Nxd5 5. Bg2 Nxc3 6. bxc3 Nc6 7. Ne2 Be7 8.
O-O O-O 9. Rb1 Qd6 10. d3 Rb8 11. h3 Be6 12. c4 b6 13. Nc3 Nd4 14. Nb5 Nxb5 15.
Rxb5 Rbd8 16. Qe2 f6 17. f4 c5 18. Re1 Qd4+ 19. Kh2 Rde8 20. Bb2 Qd7 21. fxe5
fxe5 22. Bxe5 Bd6 23. Bxd6 Qxd6 24. Qd2 Qd4 25. Rbb1 Rf2 26. Re2 Ref8 27. c3 Qf6
28. Rbe1 Rxe2 29. Qxe2 Bf7 30. Qe5 Qxe5 31. Rxe5 Re8 32. Rxe8+ Bxe8 33. Bd5+ Kf8
34. Kg2 Ke7 35. Kf3 Kd6 36. Kf4 Bg6 37. Be4 Bf7 38. Bxh7 b5 39. cxb5 Bxa2 40. c4 1-0

[Event "Euro Online U2300 Day 1"]
[Site "chess.com INT"]
[Date "2020.05.25"]
[Round "4"]
[White "Lund, Terje"]
[Black "Josse, Mark"]
[Result "1-0"]
[BlackTitle "CM"]
[WhiteElo "2104"]
[BlackElo "2235"]
[WhiteFideId "1504754"]
[BlackFideId "414476"]
[EventDate "2020.05.25"]

1. d4 Nf6 2. c4 e6 3. Nf3 b6 4. a3 Bb7 5. Nc3 d5 6. cxd5 Nxd5 7. Qc2 c5 8. e4
Nxc3 9. bxc3 Be7 10. Bd3 O-O 11. O-O Nc6 12. Qe2 cxd4 13. cxd4 Nxd4 14. Nxd4
Qxd4 15. Bb2 Qa4 16. f4 Rfd8 17. Rf3 f5 18. Rg3 Bf8 19. exf5 exf5 20. Qe6+ Kh8
21. Qxf5 Rxd3 22. Qxd3 Re8 23. Kh1 Qa5 24. h3 Be4 25. Qc3 Qxc3 26. Bxc3 Rc8 27.
Rc1 Kg8 28. Bb2 Rxc1+ 29. Bxc1 g6 30. Rc3 Bd6 31. Kg1 Kf7 32. Kf2 Ke6 33. Be3 h5
34. g4 hxg4 35. hxg4 Kd5 36. a4 Bb4 37. Rc8 Kd6 38. Rd8+ Ke6 39. Rd4 1-0

[Event "Euro Online U2300 Day 1"]
[Site "chess.com INT"]
[Date "2020.05.25"]
[Round "4"]
[White "Cech, Dominik"]
[Black "Medancic, Rikard"]
[Result "0-1"]
[BlackTitle "IM"]
[WhiteElo "2137"]
[BlackElo "2145"]
[WhiteFideId "14908212"]
[BlackFideId "14500531"]
[EventDate "2020.05.25"]

1. e4 e5 2. Nf3 Nc6 3. Bb5 a6 4. Ba4 d6 5. c3 Bd7 6. O-O Nge7 7. d4 Ng6 8. d5
Nb8 9. Bc2 Be7 10. c4 h6 11. Nc3 Bg5 12. Ne2 Bf4 13. Nxf4 Nxf4 14. Bxf4 exf4 15.
Qd4 O-O 16. e5 dxe5 17. Nxe5 Qf6 18. Qe4 g6 19. Nd3 c6 20. Qxf4 Kg7 21. Qxf6+
Kxf6 22. Nc5 cxd5 23. cxd5 Rc8 24. Nxd7+ Nxd7 25. Rac1 Rc5 26. Bb3 Re8 27. Rxc5
Nxc5 28. Bc4 b5 29. b4 Ne4 30. Bb3 Nd2 31. Rc1 Re5 32. f4 Re4 33. Rc6+ Kg7 34.
d6 Rxf4 35. Rc7 Rf1# 0-1

[Event "Euro Online U2300 Day 1"]
[Site "chess.com INT"]
[Date "2020.05.25"]
[Round "4"]
[White "Ivanisvili, Andrejs"]
[Black "Ogloblin, Nikolay"]
[Result "1/2-1/2"]
[BlackTitle "IM"]
[WhiteElo "2233"]
[BlackElo "2346"]
[WhiteFideId "11601485"]
[BlackFideId "4139658"]
[EventDate "2020.05.25"]

1. d4 Nf6 2. Nf3 e6 3. c4 b6 4. Nc3 Bb4 5. Nd2 c5 6. dxc5 Bxc5 7. Nde4 Nxe4 8.
Nxe4 O-O 9. Bg5 Qc7 10. e3 Bb7 11. Bd3 Bb4+ 12. Nc3 Qe5 13. h4 Bxc3+ 14. bxc3 h6
15. Bf4 Qxc3+ 16. Kf1 d5 17. Rc1 Qb4 18. Qg4 f5 19. Qg6 Rf6 20. Qe8+ Qf8 21.
Qxf8+ Rxf8 22. cxd5 Bxd5 23. Rc7 Rf7 24. Rc8+ Kh7 25. Rxb8 Rxb8 26. Bxb8 Bxa2
27. Ke2 Rb7 28. Be5 b5 29. Ra1 Bd5 30. Rb1 b4 31. f3 a5 32. Ra1 Ra7 33. Bd4 Ra8
34. Bc5 b3 35. e4 fxe4 36. fxe4 Bc6 37. Bc4 a4 38. Bxe6 Bxe4 39. Bd4 Bxg2 40.
Rg1 Re8 41. Rxg2 Rxe6+ 42. Kd3 Re7 43. Kc3 Rc7+ 44. Kb2 Rd7 45. Bc3 Rc7 46. Rg3
g6 47. Ka3 Rc4 48. h5 g5 49. Rd3 Kg8 50. Kb2 Rh4 51. Ka3 Kf7 52. Rd6 Rxh5 53.
Kxa4 Rh3 54. Kxb3 g4 55. Kc2 h5 56. Kd2 g3 57. Bd4 h4 58. Ke2 Rh2+ 59. Kf3 Rd2
60. Ke3 Ra2 61. Kf3 Rd2 62. Ke3 Rd1 63. Ke2 Rh1 64. Kf3 Ke7 65. Rh6 Kf7 66. Be5
Rf1+ 67. Kg2 Rf2+ 68. Kg1 Re2 69. Rxh4 Rxe5 70. Kg2 Re3 71. Rg4 Kf6 72. Rxg3
Rxg3+ 73. Kxg3 1/2-1/2

[Event "Euro Online U2300 Day 1"]
[Site "chess.com INT"]
[Date "2020.05.25"]
[Round "4"]
[White "Kanyamarala, Trisha"]
[Black "Dorokhin, Mykhailo"]
[Result "0-1"]
[WhiteTitle "WIM"]
[WhiteElo "2193"]
[BlackElo "2299"]
[WhiteFideId "45004722"]
[BlackFideId "14114178"]
[EventDate "2020.05.25"]

1. d4 d5 2. c4 e6 3. Nc3 Nf6 4. cxd5 exd5 5. Bg5 c6 6. e3 Be7 7. Qc2 Nbd7 8. Bd3
Nf8 9. Nge2 Ne6 10. Bh4 g6 11. O-O Ng7 12. e4 dxe4 13. Bxe4 O-O 14. Bd3 Bf5 15.
Rad1 Bxd3 16. Rxd3 Nf5 17. Bg5 Re8 18. Ng3 Ng7 19. Rfd1 Nd5 20. Nxd5 Qxd5 21.
Be3 h5 22. Rb3 Rab8 23. Ne2 Nf5 24. Nf4 Nxe3 25. Rxe3 Qg5 26. Nh3 Qa5 27. Rde1
Kf8 28. Qe2 Qd8 29. Qf3 Qxd4 30. Nf4 Bf6 31. Re4 Rxe4 32. Rxe4 Re8 33. Rxe8+
Kxe8 34. h3 Qxb2 35. Qe4+ Qe5 36. Qb4 Be7 37. Qc4 Bd6 38. g3 h4 39. Nd3 Qa1+ 40.
Kg2 hxg3 41. Qe4+ Kf8 42. fxg3 Qxa2+ 43. Kf3 Qd5 44. Qxd5 cxd5 45. g4 a5 46. Ke3
a4 47. Kd4 a3 48. Nc1 a2 49. Nxa2 Ke7 50. Kxd5 Bf4 51. Nc3 Bd2 52. Ne4 Be1 53.
Ke5 b5 54. Kd5 b4 55. Kc4 Ke6 56. Ng5+ Kf6 57. Nf3 Bc3 58. h4 Ke6 59. Ng5+ Ke7
60. Nf3 f5 61. gxf5 gxf5 62. h5 Kf6 63. h6 f4 64. Nh4 Kg5 65. Ng2 f3 66. Ne3
Kxh6 67. Kd3 Kg5 68. Nd5 Kg4 69. Ke3 Be1 70. Nxb4 Bxb4 71. Kf2 Kf4 72. Kf1 Kg3
73. Kg1 f2+ 74. Kf1 Ba5 0-1

[Event "Euro Online U2300 Day 1"]
[Site "chess.com INT"]
[Date "2020.05.25"]
[Round "4"]
[White "Solakoglu, Ozgur"]
[Black "Ulyankin, Igor"]
[Result "0-1"]
[WhiteTitle "FM"]
[WhiteElo "1967"]
[BlackElo "1936"]
[WhiteFideId "6300510"]
[BlackFideId "24109169"]
[EventDate "2020.05.25"]

1. e4 c5 2. Nf3 Nf6 3. d3 d5 4. exd5 Nxd5 5. Nc3 Nc6 6. Be2 g6 7. O-O Bg7 8.
Nxd5 Qxd5 9. c3 O-O 10. Be3 e5 11. Qc2 h6 12. Rad1 Rd8 13. Qd2 Kh7 14. d4 cxd4
15. cxd4 exd4 16. Nxd4 Nxd4 17. Bxd4 Bxd4 18. Qf4 f5 19. Bf3 Qd6 20. Qh4 Be6 21.
Rfe1 Bf7 22. Re7 Kg7 23. Rxb7 Rac8 24. Re7 Qf6 25. Qxf6+ Kxf6 26. Re2 Bxa2 27.
Red2 Bb6 28. g3 Rxd2 29. Rxd2 Bb3 30. Rd6+ Be6 31. Bd5 Ke5 32. Rxe6+ Kxd5 33.
Rxg6 Rc2 34. h4 Rxb2 35. Rxh6 Bxf2+ 36. Kf1 Bxg3 37. Ra6 f4 38. h5 f3 39. Ra5+
Kc4 40. Ra4+ Kb5 41. Ra1 Rh2 42. Rb1+ Ka4 43. Ra1+ Kb3 44. Rb1+ Ka2 0-1

[Event "Euro Online U2300 Day 1"]
[Site "chess.com INT"]
[Date "2020.05.25"]
[Round "4"]
[White "Sirosh, Ilja"]
[Black "Kollar, Romain"]
[Result "1-0"]
[WhiteTitle "IM"]
[WhiteElo "2405"]
[BlackElo "2205"]
[WhiteFideId "4500458"]
[BlackFideId "36017981"]
[EventDate "2020.05.25"]

1. d4 Nf6 2. c4 c5 3. d5 e6 4. Nc3 exd5 5. cxd5 d6 6. e4 g6 7. Nge2 Bg7 8. Ng3
O-O 9. Be2 b6 10. O-O Ba6 11. a4 Bxe2 12. Qxe2 Nbd7 13. f4 Re8 14. Qc4 Ng4 15.
Nce2 Rc8 16. h3 Qh4 17. hxg4 Bd4+ 18. Nxd4 cxd4 19. Qd3 Nf6 20. Nh1 Nxe4 21. Bd2
Nc5 22. Qg3 Qf6 23. Nf2 Re2 24. Rad1 Nxa4 25. g5 Qf5 26. Ng4 Qc2 27. Nf6+ Kg7
28. Qh4 h5 29. gxh6+ Kh8 30. Ne4 Qxe4 31. Qf6+ 1-0

[Event "Euro Online U2300 Day 1"]
[Site "chess.com INT"]
[Date "2020.05.25"]
[Round "4"]
[White "Hasanagic, Alim"]
[Black "Hansen, Lars"]
[Result "1-0"]
[WhiteTitle "CM"]
[WhiteElo "2225"]
[BlackElo "2223"]
[WhiteFideId "14605198"]
[BlackFideId "1402528"]
[EventDate "2020.05.25"]

1. d4 e6 2. Nf3 Nf6 3. g3 b6 4. Bg2 Bb7 5. O-O Be7 6. c4 O-O 7. Nc3 Ne4 8. Bd2
d6 9. Rc1 Nd7 10. d5 Nxd2 11. Qxd2 e5 12. b4 a5 13. a3 axb4 14. axb4 f5 15. Ne1
Bg5 16. e3 f4 17. Ne4 Bh6 18. c5 fxe3 19. fxe3 Ra3 20. Nc2 Rxf1+ 21. Bxf1 Ra2
22. c6 Bc8 23. cxd7 Bxd7 24. Nc3 Ra8 25. Bg2 Qe8 26. Rf1 Qh5 27. Qd3 Qg4 28. Be4
g6 29. Bf3 Qg5 30. Ne4 Qe7 31. Bg2 Ra2 32. Qb3 Ra7 33. Ra1 Rxa1+ 34. Nxa1 Bf5
35. Nc2 Qd7 36. Nf6+ 1-0

[Event "Euro Online U2300 Day 1"]
[Site "chess.com INT"]
[Date "2020.05.25"]
[Round "4"]
[White "Grineva, Marianna"]
[Black "Grebnev, Aleksey"]
[Result "0-1"]
[WhiteTitle "WFM"]
[WhiteElo "2002"]
[BlackElo "2223"]
[WhiteFideId "14102013"]
[BlackFideId "34189030"]
[EventDate "2020.05.25"]

1. d4 Nf6 2. c4 g6 3. Nc3 Bg7 4. e4 d6 5. f3 O-O 6. Be3 Nbd7 7. Nge2 c5 8. d5 a6
9. Nc1 Ne5 10. Be2 Rb8 11. O-O b5 12. cxb5 axb5 13. Nxb5 Ba6 14. a4 Qb6 15. Na2
Ra8 16. Nac3 Rfb8 17. f4 Ned7 18. Bf3 Ne8 19. Rf2 Nc7 20. Nxc7 Qxc7 21. e5 Nb6
22. e6 f5 23. g4 Nc4 24. Bc1 Bd4 25. gxf5 Nxb2 26. Bxb2 Rxb2 27. Ne2 Bxe2 28.
Bxe2 Rf8 29. Ra3 Rxf5 30. Rf3 Rxd5 31. Kf1 Rf5 32. Bd3 Bxf2 33. Bxf5 Qb7 34. Bd3
Bd4 35. f5 Rxh2 36. fxg6 Rh1+ 37. Ke2 Rxd1 38. gxh7+ Kg7 39. Rg3+ Kh6 40. Kxd1
Qb3+ 41. Ke2 c4 42. Rg6+ Kxh7 43. Bf5 Qe3+ 44. Kd1 Qf3+ 45. Kd2 Qxf5 0-1

[Event "Euro Online U2300 Day 1"]
[Site "chess.com INT"]
[Date "2020.05.25"]
[Round "4"]
[White "Grigoryan, Aram"]
[Black "Lauda, Alexandr"]
[Result "1/2-1/2"]
[WhiteElo "1996"]
[BlackElo "1984"]
[WhiteFideId "13310542"]
[BlackFideId "13903179"]
[EventDate "2020.05.25"]

1. Nf3 f5 2. g3 Nf6 3. Bg2 e6 4. O-O Be7 5. d4 O-O 6. c4 d6 7. Nc3 c6 8. Re1
Nbd7 9. e4 fxe4 10. Nxe4 Nxe4 11. Rxe4 Nf6 12. Re1 h6 13. b3 a5 14. Ba3 a4 15.
Nh4 axb3 16. axb3 Qe8 17. Qd3 Ng4 18. f3 Bxh4 19. fxg4 Be7 20. Be4 Kh8 21. Bg6
Qd8 22. Bb2 Rxa1 23. Bxa1 Bf6 24. Qe2 e5 25. dxe5 dxe5 26. Bc2 Qb6+ 27. Kh1 Be6
28. Bxe5 Bxe5 29. Qxe5 Bxg4 30. Qf4 Qb4 31. Qe3 Bf3+ 32. Kg1 Qd6 33. Rf1 Bh5 34.
Rxf8+ Qxf8 35. Qe4 Qg8 36. Kg2 Bf7 37. g4 b5 38. Bd3 bxc4 39. Bxc4 Bxc4 40. bxc4
Qc8 41. h4 Qd7 42. Kf1 Qd1+ 43. Kf2 Qd2+ 44. Kf3 Qd1+ 45. Kf4 Qd6+ 46. Qe5 Qd2+
47. Kf5 Qc2+ 48. Qe4 Qf2+ 49. Kg6 Qf6+ 50. Kh5 Qf7+ 51. Qg6 Qe7 52. Qxc6 Qf7+
53. Qg6 Qe7 54. Qf5 Qe8+ 55. Qg6 Qe5+ 56. Qf5 Qe8+ 57. Qg6 Qe5+ 58. Qf5 Qe8+ 1/2-1/2

[Event "Euro Online U2300 Day 1"]
[Site "chess.com INT"]
[Date "2020.05.25"]
[Round "4"]
[White "Curtacci, Sergio"]
[Black "Skreno, Vladimir"]
[Result "1-0"]
[WhiteElo "2038"]
[BlackElo "2119"]
[WhiteFideId "858048"]
[BlackFideId "14902893"]
[EventDate "2020.05.25"]

1. d4 Nf6 2. Nf3 g6 3. e3 Bg7 4. Bd3 d6 5. Nbd2 c6 6. O-O O-O 7. Qe2 Nbd7 8. e4
e5 9. c3 Qc7 10. Re1 Re8 11. Qd1 Nf8 12. Qc2 Ne6 13. g3 Bd7 14. dxe5 dxe5 15. a4
Rad8 16. a5 h5 17. h4 b5 18. axb6 axb6 19. Nb3 Ng4 20. Ng5 Ra8 21. Bd2 c5 22.
Bc4 Rxa1 23. Rxa1 b5 24. Bxe6 Bxe6 25. Nxe6 Rxe6 26. f3 c4 27. fxg4 Qb6+ 28. Kg2
cxb3 29. Qxb3 Rd6 30. Bg5 hxg4 31. Rd1 Rxd1 32. Qxd1 Qe6 33. Qd8+ Kh7 34. Qd5
Qxd5 35. exd5 f6 36. Be3 Bf8 37. b3 Kg7 38. c4 bxc4 39. bxc4 Kf7 40. c5 Ke7 41.
Kf2 Kd7 42. Ke2 f5 43. Kd3 Be7 44. Kc4 Bd8 45. c6+ Kd6 46. Bc5+ Kc7 47. Kb5 f4
48. d6+ Kc8 49. d7+ Kb8 50. Bd6+ 1-0

[Event "Euro Online U2300 Day 1"]
[Site "chess.com INT"]
[Date "2020.05.25"]
[Round "4"]
[White "Bianchi, Guillaume"]
[Black "Radosevic, Nenad"]
[Result "1-0"]
[WhiteElo "2173"]
[BlackElo "2157"]
[WhiteFideId "625370"]
[BlackFideId "906395"]
[EventDate "2020.05.25"]

1. d4 Nf6 2. Bg5 e6 3. e4 Be7 4. e5 Ne4 5. Be3 d5 6. Nd2 Nxd2 7. Qxd2 c5 8. c3
Nc6 9. a3 Bd7 10. Nf3 Qb6 11. dxc5 Bxc5 12. Bxc5 Qxc5 13. Bd3 h6 14. O-O Qe7 15.
c4 dxc4 16. Bxc4 O-O 17. Rad1 Rfd8 18. Rfe1 Qc5 19. Qe2 a6 20. h4 b5 21. Bd3 Ne7
22. Qe4 Nf5 23. Qf4 Bc6 24. Bxf5 exf5 25. Qxf5 Qe7 26. g3 Qb7 27. Nh2 Rac8 28.
Rd6 Bd5 29. Rd1 Rxd6 30. exd6 Be6 31. Qf3 Qd7 32. Qd3 Bf5 33. Qe3 Be6 34. Qd3
Rc6 35. Nf3 Bg4 36. Ne5 Qc8 37. Nxg4 1-0

[Event "Euro Online U2300 Day 1"]
[Site "chess.com INT"]
[Date "2020.05.25"]
[Round "4"]
[White "Khachatryan, Samvel S."]
[Black "Mladek, Richard"]
[Result "0-1"]
[BlackTitle "FM"]
[WhiteElo "2179"]
[BlackElo "2280"]
[WhiteFideId "13309048"]
[BlackFideId "386588"]
[EventDate "2020.05.25"]

1. e4 c5 2. Nc3 a6 3. d3 b5 4. g3 Bb7 5. Bg2 e6 6. f4 d5 7. exd5 exd5 8. Nf3 Nf6
9. O-O Be7 10. d4 O-O 11. Kh1 Nc6 12. Ne2 Ne4 13. c3 Re8 14. Ne5 f6 15. Nxc6
Bxc6 16. Be3 Bf8 17. Bg1 c4 18. Qc2 f5 19. Rae1 Qf6 20. Nc1 Bd6 21. Bxe4 dxe4
22. Be3 Bd5 23. a3 a5 24. Na2 h6 25. Kg1 Kf7 26. Qd1 Rh8 27. Qh5+ g6 28. Qh3 h5
29. Kf2 b4 30. axb4 axb4 31. Nxb4 Bxb4 32. cxb4 Ra2 33. Re2 Rb8 34. Rc1 Rxb4 35.
Rcc2 Qb6 36. Qf1 Rbxb2 37. Qc1 c3 38. Rxb2 cxb2 39. Qb1 Qb3 40. Rd2 Bc4 41. d5
Bd3 42. d6 Bxb1 43. d7 Ra8 44. d8=Q Rxd8 45. Rxd8 Qc2+ 46. Kg1 Ba2 0-1

[Event "Euro Online U2300 Day 1"]
[Site "chess.com INT"]
[Date "2020.05.25"]
[Round "4"]
[White "Heinmets, Tonu"]
[Black "Myhrvold, Rune"]
[Result "1-0"]
[WhiteElo "1886"]
[BlackElo "2231"]
[WhiteFideId "4500962"]
[BlackFideId "1501259"]
[EventDate "2020.05.25"]

1. Nf3 d5 2. g3 Nc6 3. Bg2 e5 4. d3 f5 5. O-O Nf6 6. c4 dxc4 7. dxc4 Be6 8. b3
Bc5 9. Bb2 e4 10. Ng5 Qe7 11. Nxe6 Qxe6 12. Nc3 Rd8 13. Qc1 O-O 14. a3 a5 15. e3
Ne5 16. Ne2 Nd3 17. Qc2 Qf7 18. Nf4 Nxb2 19. Qxb2 g5 20. Ne2 Rde8 21. Kh1 Ng4
22. h3 Ne5 23. Nd4 Nd3 24. Qc3 Bd6 25. Rad1 b6 26. Rxd3 c5 27. Nxf5 Be5 28. Qxe5 1-0

[Event "Euro Online U2300 Day 1"]
[Site "chess.com INT"]
[Date "2020.05.25"]
[Round "4"]
[White "De Verdier, Michael"]
[Black "Novikova, Galina"]
[Result "1-0"]
[WhiteTitle "FM"]
[BlackTitle "WFM"]
[WhiteElo "2291"]
[BlackElo "2073"]
[WhiteFideId "1710516"]
[BlackFideId "4157095"]
[EventDate "2020.05.25"]

1. Nf3 e6 2. c4 d5 3. e3 c6 4. Nc3 Nf6 5. d4 Be7 6. Qc2 O-O 7. Bd2 b6 8. Rd1 Bb7
9. a3 Qc7 10. h3 a6 11. Bd3 c5 12. cxd5 exd5 13. O-O Nbd7 14. dxc5 bxc5 15. Rc1
Rac8 16. e4 c4 17. Nxd5 Nxd5 18. exd5 Bxd5 19. Bxh7+ Kh8 20. Be4 Nb6 21. Ba5 Be6
22. Nd4 Bd7 23. Qe2 g6 24. Bxg6 fxg6 25. Qxe7 Rce8 26. Bxb6 Qb7 27. Qh4+ Kg8 28.
Bc5 Rf7 29. Bb4 Qd5 30. Bc3 Rh7 31. Qg3 Qf7 32. Rfe1 Rf8 33. Nf3 Qf5 34. Qe5 Qf7
35. Qg3 Qf5 36. Nh4 Qh5 37. Qxg6+ Qxg6 38. Nxg6 Rb8 39. Ne5 Bb5 40. Rcd1 Re7 41.
Rd6 Rbe8 42. f4 Rc8 43. f5 Rb7 44. f6 Be8 45. f7+ Bxf7 46. Nxf7 Rxf7 47. Rg6+
Kh7 48. Rxa6 Rcf8 49. Rae6 Rf2 50. R6e2 R2f7 51. Re7 Kg6 52. Rxf7 Rxf7 53. a4
Rb7 54. a5 Ra7 55. Re6+ Kf5 56. Rb6 Ke4 57. Kh2 Kd3 58. a6 Kc2 59. h4 Rh7 60. g3
Kd3 61. Kh3 Ke4 62. Rb7 Rh6 63. a7 Ra6 64. h5 Kf3 65. Rf7+ Ke4 66. Kh4 Kd5 67.
g4 Ke4 68. g5 Kd5 69. g6 Kc6 70. Rf6+ Kb5 71. Rxa6 Kxa6 72. a8=Q+ Kb5 73. Qd5+
Ka4 74. Qxc4# 1-0

[Event "Euro Online U2300 Day 1"]
[Site "chess.com INT"]
[Date "2020.05.25"]
[Round "4"]
[White "Eret, Matous"]
[Black "Gadimbayli, Abdulla"]
[Result "0-1"]
[BlackTitle "IM"]
[WhiteElo "2166"]
[BlackElo "2470"]
[WhiteFideId "364509"]
[BlackFideId "13404938"]
[EventDate "2020.05.25"]

1. Nf3 d5 2. d3 Nc6 3. Nbd2 e5 4. c4 Nf6 5. cxd5 Nxd5 6. a3 Be6 7. e3 Be7 8. Be2
O-O 9. O-O a5 10. Qc2 f5 11. b3 Bf6 12. Bb2 Qe7 13. Rac1 Rad8 14. Rfd1 g5 15.
Nc4 Bf7 16. d4 exd4 17. exd4 Nf4 18. Bf1 Bd5 19. Nfe5 Be4 20. Nxc6 bxc6 21. Qd2
Ne6 22. Nxa5 Nxd4 23. Qe3 f4 24. Bc4+ Kh8 25. Qe1 Rfe8 26. h3 Qg7 27. Nb7 Bg6
28. Nxd8 Rxe1+ 29. Rxe1 Bxd8 30. Rcd1 Bf6 31. a4 h5 32. a5 g4 33. hxg4 hxg4 34.
a6 Nf3+ 35. gxf3 gxf3 36. Rd8+ Be8+ 0-1

[Event "Euro Online U2300 Day 1"]
[Site "chess.com INT"]
[Date "2020.05.25"]
[Round "4"]
[White "Stabulnieks, Klavs"]
[Black "Baghirov, Javanshir"]
[Result "1-0"]
[WhiteElo "2204"]
[BlackElo "1969"]
[WhiteFideId "11603984"]
[BlackFideId "13404318"]
[EventDate "2020.05.25"]

1. d4 Nf6 2. c4 e6 3. Nc3 d5 4. cxd5 exd5 5. Bg5 Nbd7 6. e3 c6 7. Bd3 Be7 8. Qc2
O-O 9. h3 Re8 10. Nf3 Nf8 11. O-O-O b5 12. Kb1 Be6 13. Ne5 Rc8 14. g4 b4 15. Na4
Qa5 16. Rc1 c5 17. Nxc5 Bxc5 18. dxc5 d4 19. b3 Nd5 20. exd4 Nc3+ 21. Ka1 f6 22.
Nc4 Qc7 23. Bd2 Nb5 24. Bxb4 Nxd4 25. Qb2 Nc6 26. Bd2 Red8 27. Nd6 Rb8 28. Bc4
Bxc4 29. Rxc4 Ne5 30. Rc2 Nd3 31. Qd4 Rxd6 32. Qxd6 Qb7 33. c6 Qb5 34. c7 Rc8
35. Be3 Nb4 36. Rc4 a5 37. Rd1 Qb7 38. a3 Na6 39. Qd5+ Qxd5 40. Rxd5 Rxc7 41.
Rxc7 Nxc7 42. Rxa5 Nfe6 43. Ra7 Kf8 44. Kb2 Ke8 45. a4 Kd7 46. Bb6 Kc6 47. Bxc7
Nxc7 48. b4 Nd5 49. Kb3 g6 50. Rxh7 Nf4 51. a5 Kb5 52. Rb7+ Ka6 53. Rb6+ Ka7 54.
Rxf6 Nd5 55. Rxg6 Nf4 56. Rh6 Ne2 57. b5 Nd4+ 58. Kc4 Nc2 59. Kc5 Na3 60. Rh7+
Kb8 61. Kc6 Nxb5 62. Kxb5 Ka8 63. Kb6 Kb8 64. Rh8# 1-0

[Event "Euro Online U2300 Day 1"]
[Site "chess.com INT"]
[Date "2020.05.25"]
[Round "4"]
[White "Kett, Tim"]
[Black "Garcia Dorado, Alberto"]
[Result "0-1"]
[WhiteTitle "CM"]
[BlackTitle "CM"]
[WhiteElo "2178"]
[BlackElo "2175"]
[WhiteFideId "1801210"]
[BlackFideId "2252244"]
[EventDate "2020.05.25"]

1. e4 d5 2. exd5 Nf6 3. c4 c6 4. d4 cxd5 5. Nc3 Nc6 6. Nf3 e6 7. Bd3 dxc4 8.
Bxc4 Be7 9. O-O O-O 10. Bg5 b6 11. d5 Na5 12. Be2 Nxd5 13. Nxd5 Bxg5 14. Nxg5
exd5 15. Nf3 Be6 16. Nd4 Rc8 17. f4 Nc4 18. Bxc4 dxc4 19. f5 Bd5 20. f6 gxf6 21.
Nf5 Kh8 22. Rf4 Rg8 23. g3 Be6 24. Nd6 Rc6 25. Rd4 Qe7 26. Qd2 Rg5 27. Rd1 Kg7
28. Ne4 Re5 29. Qf4 Bf5 30. Nd6 Bg6 31. Nxc4 Re1+ 32. Rxe1 Qxe1+ 33. Kg2 Qe2+
34. Kh3 Rc5 35. g4 h5 36. Ne3 Re5 37. Nf5+ Bxf5 38. gxf5 Re3+ 39. Kh4 Qe1+ 40.
Kxh5 Rh3+ 41. Kg4 Rh4+ 42. Kf3 Rxf4+ 0-1

[Event "Euro Online U2300 Day 1"]
[Site "chess.com INT"]
[Date "2020.05.25"]
[Round "4"]
[White "Musovic, Armin"]
[Black "Kiremitciyan, Ari"]
[Result "1-0"]
[WhiteTitle "FM"]
[BlackTitle "FM"]
[WhiteElo "2219"]
[BlackElo "2281"]
[WhiteFideId "939935"]
[BlackFideId "6373445"]
[EventDate "2020.05.25"]

1. a3 g6 2. Nc3 Bg7 3. e4 e5 4. Nf3 Nc6 5. Bc4 d6 6. O-O Nge7 7. h3 O-O 8. d3 h6
9. Nh2 Be6 10. Bxe6 fxe6 11. Qg4 Nd4 12. Be3 Nxc2 13. Qxe6+ Kh7 14. Rac1 Rf6 15.
Qg4 Nxe3 16. fxe3 Ng8 17. Nf3 c6 18. d4 Qe7 19. Rf2 Raf8 20. dxe5 dxe5 21. Rd1
R6f7 22. Rfd2 Nf6 23. Qh4 Kg8 24. Qg3 g5 25. Qxe5 Nh5 26. Qxe7 Rxe7 27. Nd4 Bxd4
28. exd4 Rfe8 29. d5 Nf6 30. dxc6 bxc6 31. Rd6 Re6 32. e5 1-0